Statistics for League of Legends Champion Quiz

Click here to take the quiz!

General Stats

  • This quiz has been taken 17 times
    (16 since last reset)
  • The average score is 10 of 15

Answer Stats

HintAnswer% Correct
Brother of DravenDarius
85%
Sister of ViJinx
85%
Character whose R heals all members of the teamSoraka
85%
Character which changes between melee and ranged with their RElise/Nidalee/Jayce
77%
The only champion name with the "&" signNunu & Willump/Nunu
77%
R ability is named requiemKarthus
69%
Champion which can be both darkin and humanKayn
69%
Region of residence for the champion Rek'saiShurima
69%
Champion with multiple auto attacks, depending on their current weaponAphelios
62%
LamppostJax
62%
Champion with an infinite stealthTeemo/Akshan/Evelynn
62%
This character was created by SingedWarwick
62%
Oldest character according to loreZoe
54%
The most reworked championRyze
46%
This character is mute to all but the summonerSona
46%

Score Distribution

Percentile by Number Answered

Percent of People with Each Score

Your Score History

You have not taken this quiz since the last reset